| 000 | 01997nam a2200241Ia 4500 | ||
|---|---|---|---|
| 008 | 220216s9999 xx 000 0 und d | ||
| 100 | _aGuha M M | ||
| 245 | 0 | _aHypodermic extraction of latex from Hevea brasiliensis | |
| 260 |
_bIndian Journal of Natural Rubber Research _c1992 |
||
| 300 | _a38-50 | ||
| 520 | _aA method and apparatus for using a gaseous unsaturated hydrocarbon, or oxide thereof, as a yield stimulant by its direct absorption into the lie bark tissues of Hevea brasiliensis are described. A polyethene or rubber jacket sealed to the tree bark is used for holding the stimulant. This prolongs latex flow, when a hypodermic puncture is made in the bark, for upto 40 h. or more at a maximum rate of one ml per minute. The latex is collected by means of a hollow tube or needle (of about one mm internal diameter) that leads into a covered latex collection container, form the hypodermic puncture. The total outflow of latex from one aperture was between 1000 ml and 2000 ml per extraction, compared to only about 150 ml obtainable from conventional half spiral tapping systems. The higher yield realized by this method promises a bright future for the natural rubber industry. Physiological parameters relevant to sucrose translocation and its subsequent synthesis into isoprene in situ were also monitored over a period. The physiological dynamics of this convention of sucrose into isoprene is also discussed briefly. Anatomical examination of stimulated bark samples taken from trees under the new method of latex extraction did not indicate any undesirable effects. Microscopic observation of the stimulated bark samples indicated no decease in the number of healthy latex vessel rings. | ||
| 650 | _aEthylene | ||
| 650 | _aHevea brasiliensis | ||
| 650 | _aLatex flow | ||
| 650 | _aMicrotapping | ||
| 650 | _aPlugging | ||
| 650 | _aSucrose | ||
| 650 | _aYield stimulants | ||
| 700 | _aGuha A | ||
| 700 | _aGuha P R | ||
| 700 | _aMathews J | ||
| 942 | _cJS | ||
| 999 |
_c60566 _d60566 |
||